[Event "POHÁR města Říčany 2021"]
[Site "Městské kulturní středisko U labutě"]
[Date "2021.08.22"]
[Round "2.1"]
[White "Hollan, Petr"]
[Black "Petras, Milan"]
[Result "1-0"]
[WhiteElo "2318"]
[BlackElo "1938"]
[PlyCount "0"]
[EventDate "2021.08.21"]

1. b3 e5 2. Bb2 d6 3. e3 c5 4. d4 cxd4 5. exd4 Nc6 6. dxe5 Nxe5 7. Bxe5 dxe5
8. Qxd8+ Kxd8 9. Nf3 Bb4+ 10. c3 Bd6 11. Nbd2 f6 12. Nc4 Bc7 13. O-O-O+ Ke8
14. Ne3 Bd7 15. Bc4 Ne7 16. Bf7+ Kxf7 17. Rxd7 Bb6 18. Rxb7 Ke6 19. Re1 Rhe8
20. Nc4 Bc5 21. Nfxe5 Bxf2 22. Re2 fxe5 23. Rxf2 Reb8 24. Rxb8 Rxb8 25. Rd2 h5
26. Rd6+ Kf5 27. Rd7 Ke6 28. Rxa7 Rf8 29. Ra6+ Kf5 30. Rd6 Rf6 31. Rd2 e4 32. a4
Re6 33. Kd1 e3 34. Rd3 Kf4 35. Ke2 Nf5 36. a5 h4 37. Nb6 Ke4 38. Rd8 Ne7
39. Rd4+ Kf5 40. Nd5 Nc6 41. Nxe3+ Ke5 42. Ra4 Ne7 43. a6 Nf5 44. a7 1-0

[Event "POHÁR města Říčany 2021"]
[Site "Městské kulturní středisko U labutě"]
[Date "2021.08.22"]
[Round "2.2"]
[White "Elias, Jakub"]
[Black "Vojta, Tomas"]
[Result "0-1"]
[WhiteElo "1982"]
[BlackElo "2312"]
[PlyCount "0"]
[EventDate "2021.08.21"]

1. b3 e5 2. Bb2 d6 3. e3 f5 4. c4 Nf6 5. Nc3 Be7 6. Nge2 Be6 7. g3 c6 8. Bg2
Nbd7 9. d3 O-O 10. O-O Kh8 11. Rc1 Rc8 12. b4 Qe8 13. b5 Qh5 14. Rc2 g5 15. Nc1
Qg6 16. N3e2 f4 17. exf4 gxf4 18. f3 fxg3 19. hxg3 Rg8 20. bxc6 bxc6 21. d4 Nh5
22. dxe5 dxe5 23. Nd3 Nxg3 24. Nxg3 Qxg3 25. Qe1 Bf6 26. Qxg3 Rxg3 27. Nf2 Nc5
28. Re1 Rcg8 29. Nh1 Rxf3 30. Bxe5 Nd3 31. Bxf6+ Rxf6 32. Re3 Nf4 33. Rg3 Rgf8
34. Kf2 Nd3+ 0-1

[Event "POHÁR města Říčany 2021"]
[Site "Městské kulturní středisko U labutě"]
[Date "2021.08.22"]
[Round "2.3"]
[White "Petr, Jakub"]
[Black "Novotny, David"]
[Result "1-0"]
[WhiteElo "2236"]
[BlackElo "1923"]
[PlyCount "0"]
[EventDate "2021.08.21"]

1. e4 e5 2. Nf3 Nc6 3. Bb5 a6 4. Ba4 Nf6 5. O-O Be7 6. d4 exd4 7. Re1 b5 8. Bb3
d6 9. Bd5 Bb7 10. Nxd4 Qd7 11. Nc3 O-O 12. Nf5 Rfe8 13. Qf3 Bf8 14. Nh6+ gxh6
15. Qxf6 Bg7 16. Qh4 Qe7 17. Qh5 Qf6 18. Re3 Re5 19. Qd1 Rf8 20. Rf3 Qd8 21. Rg3
Kh8 22. Bf4 Rfe8 23. Qd2 Qf6 24. Rb1 b4 25. Ne2 Nd8 26. Be3 c5 27. Rh3 Rxe4
28. Bxe4 Bxe4 29. Ng3 Bg6 30. Bxh6 Nc6 31. Bxg7+ Kxg7 32. Qh6+ 1-0

[Event "POHÁR města Říčany 2021"]
[Site "Městské kulturní středisko U labutě"]
[Date "2021.08.22"]
[Round "2.4"]
[White "Cermak, Jan"]
[Black "Vitak, Jiri"]
[Result "0-1"]
[WhiteElo "1938"]
[BlackElo "2221"]
[PlyCount "0"]
[EventDate "2021.08.21"]

1. e4 c5 2. Nf3 d6 3. Bb5+ Nd7 4. O-O Nf6 5. Nc3 e6 6. d3 Be7 7. e5 dxe5
8. Nxe5 O-O 9. Nxd7 Bxd7 10. Bxd7 Qxd7 11. Qf3 Rfd8 12. Bf4 Nd5 13. Nxd5 Qxd5
14. Qxd5 Rxd5 15. Rae1 Bf6 16. Re4 Rc8 17. h3 Rc6 18. b3 Bc3 19. Rd1 f5 20. Re2
b5 21. Bd2 Bxd2 22. Rexd2 b4 23. c3 Rcd6 24. cxb4 cxb4 25. Rc2 a5 26. Rc8+ Kf7
27. Ra8 Rc6 28. Rd2 h6 29. g3 e5 30. Kf1 e4 31. d4 g5 32. Kg2 f4 0-1

[Event "POHÁR města Říčany 2021"]
[Site "Městské kulturní středisko U labutě"]
[Date "2021.08.22"]
[Round "2.5"]
[White "Svatos, Jan"]
[Black "Danhel, Lukas"]
[Result "1-0"]
[WhiteElo "2198"]
[BlackElo "1902"]
[PlyCount "0"]
[EventDate "2021.08.21"]

1. d4 Nf6 2. Bg5 g6 3. Nc3 Bg7 4. e4 d6 5. f3 O-O 6. Qd2 c5 7. d5 a6 8. a4 Qa5
9. Nge2 b5 10. Nd1 Qxd2+ 11. Bxd2 Bd7 12. axb5 Bxb5 13. Nec3 Bxf1 14. Rxf1 Nbd7
15. Ne3 Nb6 16. Na4 Nfd7 17. Nxb6 Nxb6 18. Ra2 Rfb8 19. Ke2 Nd7 20. Nc4 Ne5
21. Na3 Nd7 22. c3 Rb6 23. Rfa1 Nb8 24. Nc4 Rb7 25. Kd3 Kf8 26. g4 Ke8 27. h4
Kd7 28. Kc2 Raa7 29. Rh1 Rb5 30. h5 f6 31. f4 Rc7 32. Raa1 Rc8 33. hxg6 hxg6
34. Rh7 Rg8 35. Rf1 Kd8 36. Be1 Nd7 37. Bg3 Rb8 38. Na5 Ke8 39. Nc6 Rb6 40. Ra1
Kf7 41. Ra2 Rh8 42. Rxh8 Bxh8 43. Nd8+ Ke8 44. Ne6 Nb8 45. Ra1 Kf7 46. Rh1 Bg7
47. Rh7 1-0

[Event "POHÁR města Říčany 2021"]
[Site "Městské kulturní středisko U labutě"]
[Date "2021.08.22"]
[Round "2.6"]
[White "Hejsek, Lukas"]
[Black "Hrdina, Robin"]
[Result "1/2-1/2"]
[WhiteElo "1906"]
[BlackElo "2192"]
[PlyCount "0"]
[EventDate "2021.08.21"]

1. d4 Nf6 2. Nf3 e6 3. c4 d5 4. g3 dxc4 5. Bg2 a6 6. O-O Nc6 7. e3 Bd7 8. a4
Rb8 9. Ne5 Na5 10. Nd2 Be7 11. Ndxc4 Nxc4 12. Nxc4 O-O 13. Ne5 c5 14. Nxd7 Qxd7
15. dxc5 Bxc5 1/2-1/2

[Event "POHÁR města Říčany 2021"]
[Site "Městské kulturní středisko U labutě"]
[Date "2021.08.22"]
[Round "2.7"]
[White "Skypala, Ondrej"]
[Black "Bartos, Vaclav"]
[Result "1-0"]
[WhiteElo "2158"]
[BlackElo "1879"]
[PlyCount "0"]
[EventDate "2021.08.21"]

1. c4 Nf6 2. Nc3 b6 3. Nf3 Bb7 4. g3 e6 5. Bg2 Be7 6. O-O O-O 7. b3 d5 8. cxd5
Nxd5 9. Nxd5 Bxd5 10. Bb2 Bf6 11. Bxf6 Qxf6 12. Qc2 c5 13. Rfd1 Nc6 14. e4 Nb4
15. Qb1 Bb7 16. a3 Nc6 17. b4 Nd4 18. Nxd4 cxd4 19. e5 Qe7 20. Bxb7 Qxb7 21. Qd3
Rfd8 22. Rac1 Rac8 23. Rxc8 Qxc8 24. f4 Qc6 25. Re1 g6 26. Kf2 Kg7 27. g4 h6
28. h4 Qb7 29. f5 a6 30. h5 exf5 31. gxf5 Qc6 32. hxg6 fxg6 33. Rg1 g5 34. f6+
Kh8 35. Qg6 1-0

[Event "POHÁR města Říčany 2021"]
[Site "Městské kulturní středisko U labutě"]
[Date "2021.08.22"]
[Round "2.8"]
[White "Chval, Zdenek"]
[Black "Strnad, Michael"]
[Result "0-1"]
[WhiteElo "2147"]
[BlackElo "1868"]
[PlyCount "0"]
[EventDate "2021.08.21"]

1. e4 c5 2. Nf3 g6 3. d4 cxd4 4. Nxd4 Bg7 5. c4 Nc6 6. Be3 Nf6 7. Nc3 d6 8. Be2
Bd7 9. O-O O-O 10. f3 Nxd4 11. Bxd4 Bc6 12. Qd2 Nd7 13. Nd5 Bxd5 14. exd5 Bxd4+
15. Qxd4 Qb6 16. Rad1 Rfc8 17. Rfe1 Rc7 18. b3 Qxd4+ 19. Rxd4 a5 20. Kf2 a4
21. Bd1 axb3 22. axb3 Nc5 23. Rd2 Ra3 24. Re3 Kf8 25. Rc3 b5 26. Re3 b4 27. Rb2
Rca7 28. Ke1 Na4 29. Rd2 Nc3 30. Red3 Ra1 31. Kf2 R7a2 32. Rxa2 Rxa2+ 33. Kf1
Rb2 34. Ke1 Rxg2 35. Rd2 Rg1+ 0-1

[Event "POHÁR města Říčany 2021"]
[Site "Městské kulturní středisko U labutě"]
[Date "2021.08.22"]
[Round "2.9"]
[White "Pavlicek, Petr"]
[Black "Horak, Jan"]
[Result "0-1"]
[WhiteElo "1863"]
[BlackElo "2143"]
[PlyCount "0"]
[EventDate "2021.08.21"]

1. c4 e5 2. Nc3 Nf6 3. Nf3 Nc6 4. g3 d5 5. cxd5 Nxd5 6. Bg2 Bc5 7. O-O O-O
8. d3 Bb6 9. Na4 h6 10. a3 Re8 11. Qc2 Qd6 12. e3 Be6 13. Rd1 Rad8 14. Bd2 a5
15. Nxb6 Nxb6 16. d4 a4 17. dxe5 Qe7 18. Rac1 Bb3 19. Qc5 Nc4 20. Qxe7 Nxe7
21. Bc3 c5 22. Ne1 Nd5 23. Bxd5 Rxd5 24. e4 Rd7 25. f4 Ne3 26. Kf2 Nxd1+ 27. Kf3
b6 28. Kg4 Kh7 29. h4 Kg8 30. h5 Kh7 31. Kf3 Red8 32. f5 Re8 33. Kf4 Kg8 34. g4
Kh7 35. Rb1 Nf2 36. Kf3 Nd1 37. Kf4 Kg8 38. Ra1 Nf2 39. Kf3 Nd1 40. Kf4 Kf8
41. Rb1 Red8 42. g5 hxg5+ 43. Kxg5 Re8 44. Kf4 Kg8 45. Nf3 Rd3 46. Bd2 Nf2
47. Rf1 Bc2 48. Ra1 Nxe4 49. Ra2 Rxd2 0-1

[Event "POHÁR města Říčany 2021"]
[Site "Městské kulturní středisko U labutě"]
[Date "2021.08.22"]
[Round "2.10"]
[White "Hajiyev, Kanan"]
[Black "Pejrimovska, Viola Ruby"]
[Result "1-0"]
[WhiteElo "2124"]
[BlackElo "1773"]
[PlyCount "0"]
[EventDate "2021.08.21"]

1. d4 Nf6 2. Nf3 g6 3. g3 Bg7 4. Bg2 O-O 5. O-O d6 6. b3 Nbd7 7. Bb2 d5 8. c4
c6 9. Nbd2 Ne8 10. e4 Nc7 11. e5 e6 12. Ba3 c5 13. Rc1 b6 14. Re1 f5 15. exf6
Rxf6 16. cxd5 exd5 17. dxc5 bxc5 18. Bb2 Rf8 19. Bxg7 Kxg7 20. Qe2 Rf7 21. Ne5
Ba6 22. Nxf7 Qf6 23. Qe7 Qxf7 24. Bh3 Nf6 25. Qxc5 Nce8 26. Re7 1-0

[Event "POHÁR města Říčany 2021"]
[Site "Městské kulturní středisko U labutě"]
[Date "2021.08.22"]
[Round "2.11"]
[White "Pressler, Tobias"]
[Black "Ocelak, Jakub"]
[Result "1/2-1/2"]
[WhiteElo "1772"]
[BlackElo "2102"]
[PlyCount "0"]
[EventDate "2021.08.21"]

1. d4 d5 2. Nf3 Nf6 3. e3 c5 4. Bd3 Nbd7 5. O-O g6 6. c3 Bg7 7. Re1 O-O 8. Nbd2
b6 9. e4 cxd4 10. Nxd4 Nc5 11. Bc2 Ncxe4 12. Nxe4 Nxe4 13. Nc6 Qc7 14. Qxd5 Nf6
15. Qc4 Be6 16. Bf4 Qb7 17. Qa4 Nd5 18. Ne5 Nxf4 19. Qxf4 Rad8 20. Rad1 Bd5
21. Bb3 e6 22. f3 Bxb3 23. axb3 Qc7 24. Nd3 Qc6 25. Nf2 Qb5 26. b4 Qf5 27. Qc7
Rxd1 28. Rxd1 Qc2 29. Qxa7 Qxb2 30. Qxb6 Bxc3 31. b5 Qe2 32. Qc5 Be1 1/2-1/2

[Event "POHÁR města Říčany 2021"]
[Site "Městské kulturní středisko U labutě"]
[Date "2021.08.22"]
[Round "2.13"]
[White "Konvalinka, Vladislav"]
[Black "Taborsky, Rostislav"]
[Result "1/2-1/2"]
[WhiteElo "1718"]
[BlackElo "2090"]
[PlyCount "0"]
[EventDate "2021.08.21"]

1. d4 Nf6 2. c4 e6 3. g3 c5 4. d5 exd5 5. cxd5 d6 6. Nc3 g6 7. Bg2 Bg7 8. Nf3
O-O 9. O-O Re8 10. Bf4 Ne4 11. Nxe4 Rxe4 12. Ne1 Re8 13. Qc2 b5 14. Nf3 Bf5
15. Qd2 Bg4 16. Rfe1 Qb6 17. Ng5 h6 18. Ne4 g5 19. Bxg5 hxg5 20. Qxg5 Rxe4
21. Bxe4 Bc8 22. h4 Nd7 23. h5 Kf8 24. h6 Bf6 25. Qf4 Ke7 26. Kg2 Bxb2 27. Rab1
Bh8 28. Qg5+ Nf6 29. h7 1/2-1/2

[Event "POHÁR města Říčany 2021"]
[Site "Městské kulturní středisko U labutě"]
[Date "2021.08.22"]
[Round "2.15"]
[White "Bezdek, Tomas"]
[Black "Stanek, Ondrej"]
[Result "0-1"]
[WhiteElo "1644"]
[BlackElo "2072"]
[PlyCount "0"]
[EventDate "2021.08.21"]

1. e4 c6 2. d4 d5 3. Nc3 dxe4 4. Nxe4 Bf5 5. Nc5 e5 6. Nxb7 Qb6 7. Nc5 exd4
8. Nb3 Bb4+ 9. Bd2 Nf6 10. a3 Bxd2+ 11. Qxd2 c5 12. Bd3 Be6 13. Qg5 Bxb3
14. cxb3 O-O 15. Bc4 Re8+ 16. Ne2 d3 17. Bxd3 Qxb3 18. Qd2 Nc6 19. Qc3 Qxc3+
20. bxc3 Ne5 21. Bb5 Reb8 22. f4 Rxb5 23. fxe5 Ng4 24. O-O Nxe5 25. Rf5 f6
26. Nf4 Rd8 0-1

[Event "POHÁR města Říčany 2021"]
[Site "Městské kulturní středisko U labutě"]
[Date "2021.08.22"]
[Round "2.16"]
[White "Rut, Vojtech"]
[Black "Rucabado, Stefan"]
[Result "1-0"]
[WhiteElo "2061"]
[BlackElo "1549"]
[PlyCount "0"]
[EventDate "2021.08.21"]

1. e4 e6 2. d3 c5 3. Nf3 Nc6 4. g3 g6 5. Bg2 Bg7 6. c3 Nge7 7. h4 d5 8. Qe2 e5
9. Nbd2 Bg4 10. Nf1 h6 11. Ne3 Be6 12. exd5 Nxd5 13. h5 g5 14. Nc4 Qc7 15. a4
O-O-O 16. Nfd2 Rhe8 17. O-O f5 18. a5 a6 19. Nb3 Bf8 20. Be3 Nxe3 21. Qxe3 f4
22. Qe4 Bd5 23. Nb6+ Qxb6 24. axb6 Bxe4 25. Bxe4 Nb8 26. Ra4 Re7 27. Re1 Bg7 1-0

[Event "POHÁR města Říčany 2021"]
[Site "Městské kulturní středisko U labutě"]
[Date "2021.08.22"]
[Round "2.17"]
[White "Pejrimovsky, Tadeas Rubel"]
[Black "Aubrecht, Petr"]
[Result "0-1"]
[WhiteElo "1532"]
[BlackElo "2016"]
[PlyCount "0"]
[EventDate "2021.08.21"]

1. e4 c5 2. b4 cxb4 3. a3 bxa3 4. Bxa3 Nc6 5. d4 d5 6. e5 Bf5 7. c3 e6 8. Bxf8
Kxf8 9. f4 Nge7 10. Ne2 Ng6 11. Na3 a6 12. Nc2 h5 13. Ne3 Be4 14. Ng3 Qh4
15. Qb3 Qxf4 16. Ke2 Rb8 17. Rg1 Kg8 0-1

[Event "POHÁR města Říčany 2021"]
[Site "Městské kulturní středisko U labutě"]
[Date "2021.08.22"]
[Round "2.18"]
[White "Zvolensky, David"]
[Black "Vojta, Jakub"]
[Result "1/2-1/2"]
[WhiteElo "2136"]
[BlackElo "2150"]
[PlyCount "0"]
[EventDate "2021.08.21"]

1. d4 Nf6 2. c4 g6 3. Nf3 Bg7 4. Nc3 d5 5. Qb3 dxc4 6. Qxc4 c6 7. e4 Be6 8. Qb4
Qc8 9. a4 a5 10. Qa3 Na6 11. Bxa6 Rxa6 12. O-O Nd7 13. Bg5 O-O 14. Bxe7 Re8
15. Rac1 Qa8 16. h3 Bc4 17. Rfe1 b5 18. Qd6 Qb7 19. Bg5 c5 20. Qg3 cxd4 21. Nxd4
Bxd4 22. axb5 Qxb5 23. Qc7 h6 24. Qf4 1/2-1/2

[Event "POHÁR města Říčany 2021"]
[Site "Městské kulturní středisko U labutě"]
[Date "2021.08.22"]
[Round "2.19"]
[White "Ruzicka, Filip"]
[Black "Placer, Sebastian"]
[Result "0-1"]
[WhiteElo "1783"]
[BlackElo "2129"]
[PlyCount "0"]
[EventDate "2021.08.21"]

1. e4 e6 2. d4 d5 3. Nc3 Bb4 4. e5 c5 5. a3 Ba5 6. Qg4 Kf8 7. dxc5 Bxc3+
8. bxc3 Qc7 9. Nf3 Nd7 10. Qd4 Ne7 11. Bd3 Nc6 12. Qf4 Nxc5 13. O-O b6 14. Re1
Ba6 15. Re3 Kg8 16. h4 f6 17. Bxa6 Nxa6 18. Qg4 f5 19. Qf4 Nc5 20. Ng5 h6
21. Nf3 Ne4 22. h5 Qf7 23. g4 Rf8 24. Nh2 fxg4 25. Qxf7+ Rxf7 26. Nxg4 Rf5
27. f3 Ng5 28. Kg2 Nf7 29. Kg3 Nfxe5 30. Nxe5 Rxe5 31. Rxe5 Nxe5 32. Bf4 Nd7
33. Re1 Kf7 34. Bc1 Rc8 35. a4 Rxc3 0-1

[Event "POHÁR města Říčany 2021"]
[Site "Městské kulturní středisko U labutě"]
[Date "2021.08.22"]
[Round "2.20"]
[White "Holub, Adam"]
[Black "Blumel, Otto"]
[Result "1/2-1/2"]
[WhiteElo "1754"]
[BlackElo "1965"]
[PlyCount "0"]
[EventDate "2021.08.21"]

1. e4 c5 2. Nc3 Nc6 3. f4 g6 4. Nf3 Bg7 5. Bc4 d6 6. O-O e6 7. a3 a6 8. Ba2 b5
9. d3 Nge7 10. Kh1 O-O 11. Qe1 Bd4 12. Ne2 b4 13. axb4 Nxb4 14. Bb1 d5 15. e5
Qc7 1/2-1/2

[Event "POHÁR města Říčany 2021"]
[Site "Městské kulturní středisko U labutě"]
[Date "2021.08.22"]
[Round "2.21"]
[White "Steiner, Juraj"]
[Black "Seidl, Jan"]
[Result "1-0"]
[WhiteElo "1959"]
[BlackElo "1768"]
[PlyCount "0"]
[EventDate "2021.08.21"]

1. d4 Nf6 2. c4 c5 3. d5 b5 4. cxb5 a6 5. b6 d6 6. Nc3 Nbd7 7. Nf3 Nxb6 8. e4
g6 9. g3 Bg7 10. Bg2 O-O 11. e5 Ng4 12. e6 fxe6 13. h3 Nf6 14. dxe6 Rb8 15. Qe2
Nfd5 16. Bd2 Nxc3 17. Bxc3 Bxc3+ 18. bxc3 Rf6 19. O-O Rxe6 20. Qd2 Bb7 21. Rab1
Rf6 22. Qe2 Bd5 23. Rfd1 Bc4 24. Qe4 Bxa2 25. Rb2 Be6 26. Qh4 Kg7 27. Ng5 Bg8
28. Ne4 Rf5 29. Nxd6 exd6 30. Qxd8 Rxd8 31. Rxb6 a5 32. Rbxd6 Rxd6 33. Rxd6 a4
34. Ra6 Bb3 35. Bc6 Rf6 36. Ra7+ Kh6 37. Kf1 Bc4+ 38. Kg2 Bb3 39. Bb5 1-0

[Event "POHÁR města Říčany 2021"]
[Site "Městské kulturní středisko U labutě"]
[Date "2021.08.22"]
[Round "2.22"]
[White "Mach, Jan"]
[Black "Voracek, Zdenek"]
[Result "0-1"]
[WhiteElo "1742"]
[BlackElo "1935"]
[PlyCount "0"]
[EventDate "2021.08.21"]

1. e4 Nf6 2. e5 Nd5 3. d4 d6 4. Nf3 Bg4 5. Be2 e6 6. O-O Be7 7. c4 Nb6 8. b3
Nc6 9. Bb2 O-O 10. Nbd2 dxe5 11. dxe5 Nb4 12. Ne4 Bf5 13. Ng3 Bg6 14. Qd2 Qxd2
15. Nxd2 Rfd8 16. Nde4 Nd3 17. Bc3 Nf4 18. Bf3 h5 19. Bd2 Nd3 20. Bxh5 Bxh5
21. Nxh5 Nxe5 22. Bc3 Nbd7 23. f4 f5 24. Nd2 Ng4 25. h3 Ngf6 26. Nxf6+ Nxf6
27. Nf3 Ne4 28. Be5 Bc5+ 29. Kh2 Rd7 30. g4 Rad8 31. Kg2 c6 32. Kh2 Rd2+ 0-1

[Event "POHÁR města Říčany 2021"]
[Site "Městské kulturní středisko U labutě"]
[Date "2021.08.22"]
[Round "2.23"]
[White "Skala, Jaromir"]
[Black "Rousek, Jan"]
[Result "0-1"]
[WhiteElo "1887"]
[BlackElo "1745"]
[PlyCount "0"]
[EventDate "2021.08.21"]

1. d4 d5 2. Nf3 Nc6 3. g3 Bg4 4. Bg2 e6 5. O-O Bd6 6. b3 Nf6 7. Bb2 h5 8. c4 h4
9. c5 Bxf3 10. exf3 Be7 11. Nd2 b6 12. b4 a5 13. Qa4 Qd7 14. b5 Na7 15. c6 Qd6
16. Rfd1 Qb4 17. Qxb4 Bxb4 18. a4 g5 19. Nb3 O-O-O 20. Nc1 Bd6 21. Nd3 Rdg8
22. Ba3 Bxa3 23. Rxa3 Kd8 24. Ne5 Rg7 25. Rdd3 Nc8 26. Rdc3 Ne8 27. Rc1 Ned6
28. Ng4 Nf5 29. Rd3 Ncd6 30. Ne3 Nxe3 31. fxe3 hxg3 32. hxg3 g4 33. f4 f5
34. Rd2 Rgh7 35. Kf1 Ke7 36. Rf2 Rh2 37. Ke2 Ne4 38. Bxe4 dxe4 39. Rf1 Kd6
40. Kd2 Kd5 41. Kc3 Rxf2 42. Rxf2 Rh1 43. Rd2 Rg1 44. Rh2 Rxg3 45. Rh7 Rxe3+
46. Kc2 Kc4 47. Rxc7 Re2+ 48. Kd1 Kd3 49. Re7 Ra2 50. Kc1 e3 51. Rxe6 e2 52. d5
0-1

[Event "POHÁR města Říčany 2021"]
[Site "Městské kulturní středisko U labutě"]
[Date "2021.08.22"]
[Round "2.24"]
[White "Vavrinec, Tomas"]
[Black "Chmelik, Ladislav"]
[Result "1-0"]
[WhiteElo "1875"]
[BlackElo "1732"]
[PlyCount "0"]
[EventDate "2021.08.21"]

1. c4 Nf6 2. Nc3 g6 3. g3 Bg7 4. Bg2 c6 5. e4 d6 6. Nf3 Bg4 7. O-O Nbd7 8. d4
e5 9. Be3 O-O 10. Qd2 Re8 11. Ne1 exd4 12. Bxd4 Nc5 13. f3 Be6 14. b3 Qa5
15. Nc2 Qc7 16. Rad1 Rad8 17. Qf2 b6 18. Ne3 Bc8 19. b4 Ne6 20. Bxf6 Bxf6
21. Ncd5 cxd5 22. Nxd5 Bd4 23. Rxd4 Qc6 24. Nf6+ Kf8 25. Rd5 Re7 26. Qd2 Kg7
27. Qb2 h6 28. Rfd1 Qxc4 29. Ne8+ Kh7 30. Nxd6 Qa6 31. Bf1 b5 32. Bxb5 Qb6+
33. Kg2 Rxd6 34. Rxd6 Qxb5 35. R1d2 Ba6 36. Rf2 Rc7 37. Qa3 Rc6 38. Rxc6 Qxc6
39. Qe3 Qb7 40. Qc3 Ng5 41. h4 Ne6 42. a4 Qd7 43. b5 Bb7 44. Rd2 Qe7 45. a5 Nc5
46. Qe3 a6 47. Rc2 Ne6 48. Qa7 axb5 49. a6 Nd8 50. axb7 Nxb7 51. Qb6 Nd6 52. Rc7
Qe5 53. Qc5 Qb2+ 54. Qc2 Qd4 55. Qc3 Qa4 56. e5 Qa2+ 57. Qc2 Qxc2+ 58. Rxc2 Nc4
59. Re2 g5 60. hxg5 hxg5 61. e6 fxe6 62. Rxe6 b4 63. Re4 1-0

[Event "POHÁR města Říčany 2021"]
[Site "Městské kulturní středisko U labutě"]
[Date "2021.08.22"]
[Round "2.25"]
[White "Vit, Zdenek"]
[Black "Svetly, Jiri"]
[Result "1/2-1/2"]
[WhiteElo "1726"]
[BlackElo "1852"]
[PlyCount "0"]
[EventDate "2021.08.21"]

1. e4 d6 2. d4 Nf6 3. Nc3 g6 4. f4 Bg7 5. Nf3 O-O 6. Bd3 Nc6 7. d5 Nb4 8. Be2
a5 9. a3 Na6 10. Nd4 Nc5 11. Bf3 e5 12. fxe5 dxe5 13. Nb3 Nxb3 14. cxb3 Ne8
15. O-O Nd6 16. Be3 b6 17. Qd2 Ba6 18. Rfe1 f5 19. Bg5 Qd7 20. Be2 Bxe2 21. Qxe2
h6 22. Bd2 f4 23. a4 g5 24. Nb5 Nxb5 25. Qxb5 Qxb5 26. axb5 Rfe8 27. Ra4 Bf8
28. Rc1 Bd6 29. Rca1 Rab8 30. Rc4 Bc5+ 31. Kf1 Rf8 32. b4 axb4 33. Bxb4 Bxb4
34. Rxb4 Rb7 35. Ke2 g4 36. Rc4 Kg7 37. Rac1 Rf7 38. R1c3 h5 39. Rc6 Re7 40. h3
Ra7 41. Ra3 Rb7 42. Rc1 Kf7 43. hxg4 hxg4 44. Rh1 Rb8 45. Ra7 Ree8 46. d6
1/2-1/2

[Event "POHÁR města Říčany 2021"]
[Site "Městské kulturní středisko U labutě"]
[Date "2021.08.22"]
[Round "2.26"]
[White "Chval, Zdenek"]
[Black "Martinec, Karel"]
[Result "1-0"]
[WhiteElo "1846"]
[BlackElo "1730"]
[PlyCount "0"]
[EventDate "2021.08.21"]

1. e4 e5 2. Nf3 Nc6 3. Bb5 a6 4. Ba4 Nf6 5. O-O Nxe4 6. Re1 Nc5 7. Nxe5 Be7
8. Bxc6 dxc6 9. d4 Ne6 10. c3 O-O 11. Qd3 f6 12. Nf3 Kh8 13. Nbd2 Ng5 14. Nxg5
fxg5 15. Nf3 Bf5 16. Qe3 Re8 17. Ne5 Kg8 18. Qf3 Rf8 19. Qd1 Bf6 20. Qb3+ Qd5
21. Qxb7 Rae8 22. Qb3 Qxb3 23. axb3 c5 24. Be3 cxd4 25. cxd4 Rb8 26. Rxa6 Rxb3
27. Rc6 Rxb2 28. Rxc7 Rd8 29. Nc6 Rc8 30. Ne7+ Bxe7 31. Rxe7 h6 32. h3 Rb1
33. Rxb1 Bxb1 34. h4 gxh4 35. Bf4 Ba2 36. Be5 Bf7 37. Rd7 Rc1+ 38. Kh2 Rd1
39. Rd8+ Kh7 40. Rd6 Rd3 41. Ra6 Kg8 42. Ra8+ Kh7 43. Ra7 Kg8 44. Ra4 Kh7
45. Bd6 g5 46. Be5 Kg6 47. Ra6+ Kf5 48. Rf6+ 1-0

[Event "POHÁR města Říčany 2021"]
[Site "Městské kulturní středisko U labutě"]
[Date "2021.08.22"]
[Round "2.27"]
[White "Cabart, Pavel"]
[Black "Hrbek, Tomas"]
[Result "1-0"]
[WhiteElo "1700"]
[BlackElo "1833"]
[PlyCount "0"]
[EventDate "2021.08.21"]

1. e4 e5 2. Nf3 Nf6 3. Nxe5 d6 4. Nf3 Nxe4 5. Nc3 Nxc3 6. dxc3 Be7 7. Bf4 O-O
8. Qd2 Nc6 9. O-O-O a6 10. Bc4 h6 11. Rhg1 Be6 12. Bd5 Qd7 13. g4 Bxd5 14. Qxd5
Qe6 15. h4 Qxd5 16. Rxd5 Kh7 17. h5 Rae8 18. g5 hxg5 19. Nxg5+ Bxg5 20. Rdxg5
Rg8 21. Be3 Re5 22. Bd4 Rxg5 23. Rxg5 Nxd4 24. cxd4 Re8 25. Kd2 Re4 26. Kd3 Rh4
27. Rg3 Rxh5 28. Re3 Rf5 29. Re7 Rxf2 30. Rxc7 g5 31. Ke3 Rf6 32. Ke4 g4 33. Rc3
Kg6 34. Rg3 Kg5 35. c4 Kh4 36. Rg1 Kh3 37. b4 g3 38. c5 Kh2 39. Re1 Re6+ 1-0

[Event "POHÁR města Říčany 2021"]
[Site "Městské kulturní středisko U labutě"]
[Date "2021.08.22"]
[Round "2.28"]
[White "Koper, Stefan"]
[Black "Kacirek, Pavel"]
[Result "1-0"]
[WhiteElo "1827"]
[BlackElo "1718"]
[PlyCount "0"]
[EventDate "2021.08.21"]

1. d4 d5 2. c4 c6 3. cxd5 cxd5 4. Nc3 Nf6 5. Nf3 Nc6 6. e3 a6 7. Be2 Bg4 8. O-O
e6 9. a3 Bd6 10. b4 b5 11. Bb2 O-O 12. Nd2 Bxe2 13. Qxe2 e5 14. Nb3 e4 15. Rfc1
Ne7 16. Nc5 Bc7 17. a4 Qb8 18. h3 bxa4 19. Rxa4 a5 20. Na6 Bh2+ 21. Kh1 Qb6
22. Rxa5 Nc6 23. Na4 Qb7 24. N4c5 Qe7 25. Raa1 Bd6 26. b5 Nb8 27. Nb4 Rxa1
28. Bxa1 Rc8 29. Qc2 Nfd7 30. Nxd5 Qh4 31. Qd2 Nxc5 32. dxc5 Rxc5 33. Rxc5 Bxc5
34. Be5 Nd7 35. Bg3 Qd8 36. Qc2 Qa5 37. Qc4 h6 38. Kh2 Kh8 39. Qxe4 Qxb5
40. Qe8+ Kh7 41. Qxf7 Qc6 42. e4 Bd6 43. f4 Bb8 44. e5 Kh8 45. Ne7 1-0

[Event "POHÁR města Říčany 2021"]
[Site "Městské kulturní středisko U labutě"]
[Date "2021.08.22"]
[Round "2.29"]
[White "Feierfeil, Jiri"]
[Black "Vilimova, Julie"]
[Result "1-0"]
[WhiteElo "1623"]
[BlackElo "1805"]
[PlyCount "0"]
[EventDate "2021.08.21"]

1. d4 d5 2. c4 e6 3. Nc3 Nf6 4. e3 Be7 5. Nf3 O-O 6. Bd3 b6 7. O-O Bb7 8. Qe2
c5 9. cxd5 exd5 10. b3 Nc6 11. a3 a6 12. Bb2 Re8 13. Qd1 Bd6 14. Ne2 Ne4 15. Ng3
Qc8 16. Re1 Qe6 17. Bxe4 Bxg3 18. Bxh7+ Kh8 19. hxg3 cxd4 20. Ng5 Qf6 21. Qh5
1-0